Sefer Tsofit; (Record no. 32203)

MARC details
000 -LEADER
fixed length control field 00597cam a22002051 4500
001 - CONTROL NUMBER
control field he 67000451
003 - CONTROL NUMBER IDENTIFIER
control field DLC
005 - DATE AND TIME OF LATEST TRANSACTION
control field 20260227111444.0
008 - FIXED-LENGTH DATA ELEMENTS--GENERAL INFORMATION
fixed length control field 870522s1965 is ac 000 0cheb
010 ## - LIBRARY OF CONGRESS CONTROL NUMBER
LC control number he 67000451
035 ## - SYSTEM CONTROL NUMBER
System control number (OCoLC)15726326
040 ## - CATALOGING SOURCE
Original cataloging agency DLC
Transcribing agency TxU
Modifying agency TxU
-- DLC
042 ## - AUTHENTICATION CODE
Authentication code premarc
050 00 - LIBRARY OF CONGRESS CALL NUMBER
Classification number DS110.T8
Item number A5
110 1# - MAIN ENTRY--CORPORATE NAME
Corporate name or jurisdiction name as entry element Tsofit (Israel)
245 10 - TITLE STATEMENT
Title Sefer Tsofit;
Remainder of title maʼasaf mukdash le-reshito, bisuso ve-harḥavato shel ha-kefar.
260 ## - PUBLICATION, DISTRIBUTION, ETC.
Place of publication, distribution, etc. [Tsofit]
Name of publisher, distributor, etc. Hotsaʼat Moshav Tsofit,
Date of publication, distribution, etc. 725, 1965.
300 ## - PHYSICAL DESCRIPTION
Extent 287 p.
Other physical details illus., ports.
Dimensions 22 cm.
651 #0 - SUBJECT ADDED ENTRY--GEOGRAPHIC NAME
Geographic name Zofit (Israel)

No items available.

Powered by Koha